000 01227 a2200229 4500
003 Nust
005 20220803145213.0
010 _a 2003055214
020 _a0849317916 (alk. paper)
040 _cNust
082 0 0 _a621.319,SHO
100 1 _aShort, T. A.
_996451
245 1 0 _aElectric power distribution handbook /
_cT.A. Short.
260 _aBoca Raton, FL :
_bCRC Press,
_c2004.
300 _a773 p. :
_bill. ;
_c24 cm.
440 0 _aElectric power engineering series
_996452
505 _aFundamentals of Distribution Systems (Page-1), Overhead Lines (Page-33), Underground Distribution (Page-91), Transformers (Page-159), Voltage Regulation (Page-233), Capacitor Application (Page-269), Faults (Page-311), Short-Circuit Protection (Page-375), Reliability (Page-441), Voltage Sags and Momentary Interruptions (Page-479), Other Power Quality Issues (Page-539), Lightning Protection (Page-587), Grounding and Safety (Page-651), Distributed Generation (Page-699).
650 0 _aTelecommunication Engineering
856 4 2 _3Book review (E-STREAMS)
_uhttp://www.e-streams.com/es0709/es0709_3526.html
856 4 2 _3Publisher description
_uhttp://www.loc.gov/catdir/enhancements/fy0646/2003055214-d.html
942 _cREF
_2ddc
999 _c176971
_d176971